[Event "Santa Fe Dos Orillas op 12th"]
[Site "Santa Fe"]
[Date "2023.10.16"]
[Round "6"]
[White "Meza Astrada, Agustin"]
[Black "Kalala, Daniel"]
[Result "1-0"]
[WhiteElo "2007"]
[BlackElo "1597"]
[PlyCount "79"]
[EventDate "2023.10.13"]
[EventType "swiss"]
[EventRounds "7"]
[EventCountry "ARG"]
[SourceTitle "Mega2024 Update 01"]
[Source "Chessbase"]
[SourceDate "2023.11.12"]
[SourceVersion "1"]
[SourceVersionDate "2023.11.12"]
[SourceQuality "1"]

1. Nf3 Nc6 2. d4 d5 3. c4 e6 4. g3 Nf6 5. Bg2 dxc4 6. Qa4 Bd7 7. Qxc4 Be7 8. 0-0 0-0 9. Nc3 a6 10. Ne5 b5 11. Nxc6 bxc4 12. Nxd8 Raxd8 13. Bf4 Bd6 14. Ne4 Nxe4 15. Bxe4 Bxf4 16. gxf4 Rb8 17. Rab1 f5 18. Bf3 Rb4 19. a3 Rb3 20. Rfc1 Rfb8 21. Rxc4 Rxb2 22. Rxb2 Rxb2 23. Rxc7 Bb5 24. e3 Rb3 25. d5 Rxa3 26. dxe6 Ra1+ 27. Kg2 Kf8 28. Rf7+ Ke8 29. Rxg7 a5 30. e7 Kd7 31. Bh5 Kd6 32. e8Q Bxe8 33. Bxe8 a4 34. Rxh7 a3 35. Ra7 Kc5 36. Bf7 Kb4 37. h4 Kc3 38. h5 Kb2 39. h6 Rd1 40. h7 1-0

[Event "Santa Fe Dos Orillas op 12th"]
[Site "Santa Fe"]
[Date "2023.10.15"]
[Round "4"]
[White "Meza Astrada, Agustin"]
[Black "Hilgert, Gonzalo"]
[Result "1/2-1/2"]
[WhiteElo "2007"]
[BlackElo "1741"]
[PlyCount "72"]
[EventDate "2023.10.13"]
[EventType "swiss"]
[EventRounds "7"]
[EventCountry "ARG"]
[SourceTitle "Mega2024 Update 01"]
[Source "Chessbase"]
[SourceDate "2023.11.12"]
[SourceVersion "1"]
[SourceVersionDate "2023.11.12"]
[SourceQuality "1"]

1. e4 e5 2. Nf3 Nf6 3. d4 Nxe4 4. Bd3 d5 5. Nxe5 Nd7 6. Nxd7 Bxd7 7. 0-0 Bd6 8. Nd2 0-0 9. Nxe4 dxe4 10. Bxe4 Bxh2+ 11. Kxh2 Qh4+ 12. Kg1 Qxe4 13. Re1 Qh4 14. Qf3 Qxd4 15. Qxb7 Qd6 16. Qf3 Bc6 17. Qg3 Qxg3 18. fxg3 Rad8 19. Bf4 Rd7 20. Re5 f6 21. Rc5 Bb7 22. Re1 Rc8 23. Kf2 g5 24. Be3 a6 25. b3 Kf7 26. a4 Rd5 27. c4 Rxc5 28. Bxc5 Re8 29. Rxe8 Kxe8 30. b4 Kd7 31. b5 Ke6 32. Bd4 f5 33. a5 Bc8 34. Ke3 Bb7 35. Kf2 Bc8 36. Ke3 Bb7 1/2-1/2

[Event "Santa Fe Dos Orillas op 12th"]
[Site "Santa Fe"]
[Date "2023.10.14"]
[Round "3"]
[White "Meza Astrada, Agustin"]
[Black "Capovilla, Valentina Soledad"]
[Result "1-0"]
[WhiteElo "2007"]
[BlackElo "1701"]
[PlyCount "39"]
[EventDate "2023.10.13"]
[EventType "swiss"]
[EventRounds "7"]
[EventCountry "ARG"]
[SourceTitle "Mega2024 Update 01"]
[Source "Chessbase"]
[SourceDate "2023.11.12"]
[SourceVersion "1"]
[SourceVersionDate "2023.11.12"]
[SourceQuality "1"]

1. e4 d6 2. d4 Nf6 3. Nc3 Nbd7 4. Nf3 e5 5. Bc4 Be7 6. 0-0 c6 7. a4 0-0 8. Re1 Qc7 9. h3 h6 10. Ba2 b6 11. Nh4 exd4 12. Qxd4 Ne5 13. f4 Ned7 14. Ng6 Re8 15. Be3 Nc5 16. f5 Bf8 17. Nxf8 Kxf8 18. Bxh6 Ncxe4 19. Nxe4 Rxe4 20. Qxf6 1-0

[Event "Buenos Aires Masters op"]
[Site "Buenos Aires"]
[Date "2023.06.18"]
[Round "5"]
[White "Campos, Maria Jose"]
[Black "Meza Astrada, Agustin"]
[Result "1-0"]
[WhiteElo "2219"]
[BlackElo "1955"]
[PlyCount "55"]
[EventDate "2023.06.14"]
[EventType "swiss"]
[EventRounds "9"]
[EventCountry "ARG"]
[SourceTitle "CBM 215 Extra"]
[Source "ChessBase"]
[SourceDate "2023.09.30"]
[SourceVersion "1"]
[SourceVersionDate "2023.09.30"]
[SourceQuality "1"]

1. c4 Nf6 2. g3 g6 3. Bg2 Bg7 4. Nc3 0-0 5. e4 d6 6. Nge2 c5 7. 0-0 Nc6 8. d3 a6 9. Be3 Ng4 10. Bf4 Rb8 11. a4 Nf6 12. Qd2 Ne8 13. Be3 Nc7 14. d4 cxd4 15. Nxd4 Nxd4 16. Bxd4 Bxd4 17. Qxd4 b5 18. cxb5 axb5 19. a5 b4 20. Nd5 Nxd5 21. exd5 Rb5 22. a6 Qb6 23. Qxb6 Rxb6 24. a7 Bb7 25. Rfe1 Re8 26. Rec1 Ra8 27. Ra5 Ba6 28. Rc6 1-0

[Event "Buenos Aires 9 July op 5th"]
[Site "Buenos Aires"]
[Date "2023.05.25"]
[Round "1"]
[White "Tristan, Leonardo"]
[Black "Meza Astrada, Agustin"]
[Result "1-0"]
[WhiteElo "2545"]
[BlackElo "1915"]
[PlyCount "57"]
[EventDate "2023.05.25"]
[EventType "swiss"]
[EventRounds "7"]
[EventCountry "ARG"]
[SourceTitle "CBM 214 Extra"]
[Source "ChessBase"]
[SourceDate "2023.07.31"]
[SourceVersion "1"]
[SourceVersionDate "2023.07.31"]
[SourceQuality "1"]

1. d4 Nf6 2. Bg5 d5 3. e3 e6 4. Nd2 Be7 5. Bd3 Nbd7 6. f4 Ne4 7. Bxe4 dxe4 8. Nxe4 f5 9. Nc3 0-0 10. Nf3 b6 11. Qe2 h6 12. Bxe7 Qxe7 13. e4 Bb7 14. e5 Rfd8 15. 0-0-0 Nf8 16. Rhg1 Rab8 17. g4 Ng6 18. gxf5 Bxf3 19. Qxf3 Nh4 20. Qc6 Nxf5 21. d5 Ne3 22. Rd3 Nxd5 23. Nxd5 Rxd5 24. Rxd5 exd5 25. Qxd5+ Qf7 26. Rd1 Rf8 27. Qxf7+ Rxf7 28. Rd8+ Kh7 29. e6 1-0

[Event "Vicente Lopez ProAm 100 Years op"]
[Site "Buenos Aires"]
[Date "2022.10.14"]
[Round "4"]
[White "Gorisnic, Eduardo"]
[Black "Meza Astrada, Agustin"]
[Result "1/2-1/2"]
[WhiteElo "2210"]
[BlackElo "1843"]
[PlyCount "100"]
[EventDate "2022.10.11"]
[EventType "swiss"]
[EventRounds "9"]
[EventCountry "ARG"]
[SourceTitle "CBM 210 Extra"]
[Source "ChessBase"]
[SourceDate "2022.11.30"]
[SourceVersion "1"]
[SourceVersionDate "2022.11.30"]
[SourceQuality "1"]

1. Nf3 Nf6 2. d4 d5 3. c4 e6 4. Nc3 Be7 5. Bf4 0-0 6. e3 a6 7. c5 b6 8. b4 a5 9. a3 bxc5 10. bxc5 c6 11. h3 Nbd7 12. Bd3 Ba6 13. Bxa6 Rxa6 14. 0-0 Nh5 15. Bh2 f5 16. Ne5 Nxe5 17. Bxe5 Qe8 18. Rb1 Ra7 19. Ne2 g5 20. g4 fxg4 21. hxg4 Nf6 22. Bxf6 Bxf6 23. Ng3 Qg6 24. Qa4 Rc8 25. Rb2 e5 26. Rfb1 exd4 27. exd4 Raa8 28. Rb7 Qd3 29. Rd1 Qf3 30. Qc2 Bg7 31. Qe2 Qxe2 32. Nxe2 Rab8 33. Rdb1 Rxb7 34. Rxb7 Re8 35. Kf1 Re4 36. Ng3 Rf4 37. Nh5 Rf7 38. Rxf7 Kxf7 39. Nxg7 Kxg7 40. Ke2 Kg6 41. Kf3 h5 42. gxh5+ Kxh5 43. Kg3 a4 44. f3 Kh6 45. Kg4 Kg6 46. f4 gxf4 47. Kxf4 Kf6 48. Kg4 Kg6 49. Kf4 Kf6 50. Kg4 Kg6 1/2-1/2

[Event "ARG-ch sf 97th"]
[Site "Buenos Aires"]
[Date "2022.09.13"]
[Round "7"]
[White "Meza Astrada, Agustin"]
[Black "Massaferro, Cristian"]
[Result "1-0"]
[WhiteElo "1669"]
[BlackElo "1942"]
[PlyCount "59"]
[EventDate "2022.09.08"]
[EventType "swiss"]
[EventRounds "9"]
[EventCountry "ARG"]
[SourceTitle "CBM 210 Extra"]
[Source "ChessBase"]
[SourceDate "2022.11.30"]
[SourceVersion "1"]
[SourceVersionDate "2022.11.30"]
[SourceQuality "1"]

1. e4 e5 2. Nf3 Nc6 3. Bb5 a6 4. Ba4 Nf6 5. 0-0 Be7 6. Re1 b5 7. Bb3 0-0 8. a4 Bb7 9. axb5 axb5 10. Rxa8 Qxa8 11. Nc3 Na5 12. Nd5 Nxd5 13. Bxd5 Bxd5 14. exd5 d6 15. d4 f6 16. dxe5 dxe5 17. Qd3 Nc4 18. b3 Nd6 19. c4 bxc4 20. bxc4 e4 21. Qc2 exf3 22. Rxe7 Qa1 23. gxf3 Rb8 24. c5 Nf7 25. f4 Qd4 26. d6 cxd6 27. c6 Rc8 28. Be3 Qa1+ 29. Kg2 Qa8 30. Qe4 1-0

[Event "ARG-ch sf 97th"]
[Site "Buenos Aires"]
[Date "2022.09.08"]
[Round "1"]
[White "Meza Astrada, Agustin"]
[Black "Sepliarsky, Mario"]
[Result "1-0"]
[WhiteElo "1669"]
[BlackElo "2150"]
[PlyCount "95"]
[EventDate "2022.09.08"]
[EventType "swiss"]
[EventRounds "9"]
[EventCountry "ARG"]
[SourceTitle "CBM 210 Extra"]
[Source "ChessBase"]
[SourceDate "2022.11.30"]
[SourceVersion "1"]
[SourceVersionDate "2022.11.30"]
[SourceQuality "1"]

1. e4 e6 2. d4 d5 3. e5 c5 4. c3 Nc6 5. Nf3 Bd7 6. a3 Qb6 7. b4 cxd4 8. cxd4 a5 9. b5 Na7 10. a4 Qd8 11. Bd3 Nc8 12. 0-0 Nb6 13. Nbd2 Rc8 14. Ba3 Bxa3 15. Rxa3 Nh6 16. Nb3 Nc4 17. Bxc4 Rxc4 18. Nfd2 Rc8 19. Nc5 Qe7 20. b6 Rxc5 21. dxc5 Qxc5 22. Qb3 0-0 23. Nf3 Rc8 24. Qe3 Nf5 25. Qxc5 Rxc5 26. g4 Ne7 27. Rb1 Rc4 28. h3 h6 29. Nd2 Rc2 30. Nf3 Nc6 31. Rb5 f6 32. exf6 gxf6 33. Kg2 Kf7 34. Ne1 Rc4 35. Nd3 Ke7 36. Nc5 Bc8 37. Nb3 Rc3 38. Ra1 Kd6 39. Nxa5 Nd4 40. Rbb1 Ne2 41. Rb3 Nf4+ 42. Kh2 Rc2 43. Rf3 e5 44. Nb3 Rb2 45. a5 Bd7 46. a6 bxa6 47. Rxa6 Kc6 48. Rc3+ 1-0